| 000 | 00573nam a22001937a 4500 | ||
|---|---|---|---|
| 003 | ASAB | ||
| 005 | 20180827062707.0 | ||
| 008 | 161123t xxu||||| |||| 00| 0 eng d | ||
| 020 | _a1-58488-569-6 | ||
| 040 | _cASAB | ||
| 082 | _a572.80285 | ||
| 100 |
_aAnna Tramontano _93666 |
||
| 245 |
_aIntroduction to bioinformatics _bAnna Tramontano |
||
| 260 |
_aUK _bCRC Press taylor & Francis Group _cc2007 |
||
| 300 |
_a174 P. _c23 cm |
||
| 440 |
_achapman & hall/crc mathematical and computational biology series _92245 |
||
| 650 |
_aBioinformatics _93667 |
||
| 942 |
_2ddc _cBK |
||
| 999 |
_c480291 _d480291 |
||